| 000 | 00447nam a2200181Ia 4500 | ||
|---|---|---|---|
| 001 | 17681 | ||
| 005 | 20260306171535.0 | ||
| 008 | 260306s9999||||xx |||||||||||||| ||und|| | ||
| 041 | _aESP | ||
| 082 |
_a658.15 _bCH575 2004 |
||
| 100 |
_aChu Rubio, Manuel _eAUT |
||
| 245 | 0 |
_aFundamentos de finanzas: _bun enfoque peruano |
|
| 260 | _c2004 | ||
| 300 |
_a664 páginas : _c24 cm. |
||
| 650 | _aGEN | ||
| 654 | _aCAN | ||
| 942 |
_cLIB _dJUS _fJUS _2ddc _n |
||
| 999 |
_c17681 _d17681 |
||